000
00352nam a2200133Ia 4500
003
GCL
008
140319s9999 xx 000 0 ara d
040
_a
GCL /
_c
GCL
082
0
4
_a
ط
_b
813.02
_b
د ع
245
1
0
_a
بامبى يجد نهاية قوس قزح
260
_a
[S.N] :
_b
دار الشروق
300
_a
35 ص
490
_a
عالم ديزنى
_v
0
999
_c
56518
_d
56518